000 00339nam a2200133Ia 4500
008 220120s9999||||xx |||||||||||||| ||und||
020 _a9788131705339
082 _a510 KSC
100 _aK.S.C
245 0 _aEngineering Mathematics III
260 _aSudha publications
_bNew Delhi
_c2012
300 _axxv;1078
_b605
650 _aMECHANICAL
999 _c132625
_d132625